000
00216nam a2200097Ia 4500
005
20251222114410.0
008
251222s1900||||xx |||||||||||||| ||spa||
082
_a
DVD0070/R84/1963
245
0
_a
RO.GO.PA.G.
942
_c
DVD
999
_c
1992
_d
1992